1345 1254 1406 1424 1788 1619 1205 1955 1874 1947 1444 1774 1995 1596 1589 1113 1434 1760 1005 1795 1380 1894 1115 1112 1655 1298 1980 1962 1942 1165 1439 1465 1646 1714 1409 1445 1922 1374 1186 1026 1546 1940 1396 1500 1460 1868 1945 1773 1558 1243 1996 1757 1026 1954 1618 1054 1305 1690 1897 1037 1856 1255 1239 1391 1514 1765 1322 1426 1652 1562 1360 1433 1611 1365 1312 1864 1309 1968 1146 1345 1993 1170 1631 1663 1977 1553 1841 1000 1108 1959 1770 1589 1942 1626 1916 1749 1081 1222 1516 BCNSPRNW ULIB Ver.6.0+V

เปลี่ยนเป็นภาษาไทย

Change to English
 แสดงรายละเอียดบรรณานุกรม
  กลับหน้าหลัก

Brief Record : Get Marc (ISO 2709) : E-mail record : QR code < ปิดหน้าต่าง
LEADER : 00000nam 2200000uu 4500
001    13399125322
003     ULIB
008    170421s2559||||th 000 0 tha d
020    ^a9786167388939
060    ^aWF415 พ711ว
100    ^aพิรังกูร เกิดพาณิช
245    ^aวัณโรคในเด็กทางคลินิก
250    ^aพิมพ์ครั้งที่ 1
260    ^aกรุงเทพฯ :^bโครงการตำรา วิทยาลัยแพทยศาสตร์พระมงกุฎเกล้า,^c2559
300    ^a360 หน้า ;^c26 ซม.
856    ^a^z026181-1.jpg (สารบัญวารสาร)^uhttp://61.7.221.150/ULIB62015//_fulltext/serialcontent/13399128711/026181-1.jpg
856    ^a^z026181-2.jpg (สารบัญวารสาร)^uhttp://61.7.221.150/ULIB62015//_fulltext/serialcontent/13399128711/026181-2.jpg
945    ^p0^l0^i001967
945    ^p0^l0^i001968
945    ^p0^l0^i001969
999    ^aวิลาวรรณ์ สายภักดี
รายการนี้ยังไม่มีแท็ก
คุณยังไม่ได้ล็อกอิน คุณสามารถมีกิจกรรมร่วมกับเว็บไซต์ได้ แต่ต้องล็อกอินก่อน ::
  ล็อกอิน

รายการสื่อสารสนเทศ

ลำดับที่ ประเภท เลขเรียก/บาร์โค้ด สถานที่ สถานะ
1. วิทยาศาสตร์การแพทย์ และสุขภาพ
วิทยาศาสตร์การแพทย์ และสุขภาพ
สถานะ=หนังสือเก่า
WF415 พ711ว ฉ.1 
  Barcode: 001967
ห้องสมุดวิทยาเขตสวรรค์ประชารักษ์
►ส่วนจัดเก็บหนังสือเก่า สปร
บนชั้น
  ขอยืม
2. วิทยาศาสตร์การแพทย์ และสุขภาพ
วิทยาศาสตร์การแพทย์ และสุขภาพ
สถานะ=หนังสือเก่า
WF415 พ711ว ฉ.2 
  Barcode: 001968
ห้องสมุดวิทยาเขตสวรรค์ประชารักษ์
►ส่วนจัดเก็บหนังสือเก่า สปร
บนชั้น
  ขอยืม
3. วิทยาศาสตร์การแพทย์ และสุขภาพ
วิทยาศาสตร์การแพทย์ และสุขภาพ
สถานะ=หนังสือเก่า
WF415 พ711ว ฉ.3 
  Barcode: 001969
ห้องสมุดวิทยาเขตสวรรค์ประชารักษ์
►ส่วนจัดเก็บหนังสือเก่า สปร
บนชั้น
  ขอยืม

รายการใกล้เคียง
    ชื่อเรื่อง [วัณโรคในเด็กทางคลินิก]

    ผู้แต่ง [พิรังกูร เกิดพาณิช]

BibComment


ยังไม่เคยถูกคอมเมนท์

คอมเมนท์ทรัพยากรรายการนี้
  คอมเมนท์: วัณโรคในเด็กทางค..


 Copyright 2026. Bcnsprnw @Library